Game Shows: Finish The Catchphrase Quiz Stats

 Plays Quiz Updated Feb 12, 2018

Score 0/15 Timer 06:00
19 Plays Today
% Correct
Come on down!
96.6%
I'd like to phone a friend.
96.5%
Do you want to give or receive?
93.3%
I'd like to buy a vowel, Pat.
91.9%
We provide categories & answers, up to our contestants to give right questions.
91.1%
Will the real (NAME), please stand up.
90.9%
Our survey says...!
85.3%
Circle gets the square.
83.1%
% Correct
You are the weakest link. Goodbye!
82.9%
Dumb Dora was so dumb...
82.8%
Open the case!
82.8%
Welcome to the game where knowledge is king, and lady luck is queen!
74.1%
Or, you can trade for the big box on the display floor.
68.6%
Big Bucks! No Whammies!
61.6%
Ace is high, deuce is low, call it right, and win the dough.
41.7%

You're not logged in!

Compare scores with friends on all Sporcle quizzes.
OR
Log In

Sporcle TV

Today on Sporcle TV


Watch our educational content, quiz creation guides, and fun videos on Sporcle TV.

Show Comments

Extras

Top Quizzes Today


Score Distribution

Your Account Isn't Verified!

In order to create a playlist on Sporcle, you need to verify the email address you used during registration. Go to your Sporcle Settings to finish the process.

Report this User

Report this user for behavior that violates our Community Guidelines.

Details: